LDR 01005naa#a2200193#i#450# 001 RU\\bibl\124372 005 20260703055729.5 011 ## _a2223-4608 100 ## _a20260529b2026####ek#y0rusy0150####ca 102 ## _aRU 200 1# _aИзменение момента и потерь трения в магнитожидкостном уплотнении вала частотно-регулируемого электродвигателя при изменении режима работы _eЖурнальная статья 210 1# _aБрянск _cБрянский государственный технический университет _d2026 215 ## _a10 с. 608 ## _aЖурнальная статья _2local 675 ## _aОбщие вопросы. Трение в машине. 621.891 _z 700 #1 _aВласов _gАлексей Михайлович 700 #1 _aКазаков _gЮрий Борисович 700 #1 _aВедерникова _gИрина Игоревна 856 4# _azh-szf.ru _u